MARC보기
LDR00000nam c2200205 k 4500
001000000341321
00520260416105652
007ta
008260407s2025 ulkadk r 001a kor
020 ▼a 9788999734137 ▼g 93370 : ▼c \24000
040 ▼a 248032 ▼c 248032 ▼d 248032
0490 ▼l EM111962 ▼l EM111963 ▼c 2
056 ▼a 379.4 ▼2 4
090 ▼a 379.4 ▼b 유94ㅎ2
24520 ▼a 학교폭력 예방 및 학생의 이해 = ▼x School Violence Prevention And Students Understanding / ▼d 유형근, ▼e 정연홍, ▼e 남순임, ▼e 박선하, ▼e 이필주, ▼e 문가람, ▼e 최지혜 공저
250 ▼a 2판
260 ▼a 서울 : ▼b 학지사, ▼c 2025
300 ▼a 437 p. : ▼b 삽화, 도표, 양식 ; ▼c 26 cm
504 ▼a 참고문헌(p. 421-434) 및 색인(p. 435-437) 수록
525 ▼a 권말부록 : 학교폭력 사안 처리 관련 양식 등
653 ▼a 학교폭력 ▼a 학교폭력 예방 ▼a 학생 지도
7001 ▼a 유형근, ▼e 저
7001 ▼a 정연홍, ▼e 공저
7001 ▼a 남순임, ▼e 공저
7001 ▼a 박선하, ▼e 공저
7001 ▼a 이필주, ▼e 공저
7001 ▼a 문가람, ▼e 공저
7001 ▼a 최지혜, ▼e 공저
9500 ▼b \24000
990 ▼a 관리자2 ▼b 관리자2